[Event "Easy goin"]
[Site "SchemingMind.com"]
[Date "2014.05.05"]
[Round "-"]
[White "alexyongpohweng"]
[Black "murmac"]
[Result "1-0"]
[WhiteCountry "MAS"]
[BlackCountry "SCO"]
[WhiteElo "1251"]
[WhiteRD "46"]
[BlackElo "1088"]
[BlackRD "94"]
[GameID "357897"]

1. e4 e6 2. d4 d5 3. e5 c5 4. dxc5 Bxc5 5. Nf3 Ne7 6. Be2 O-O 7. O-O Nbc6 8. Nc3 Nf5 9. Bg5 Be7 10. Bxe7 Qxe7
11. a3 f6 12. exf6 Qxf6 13. Qd3 b6 14. Rab1 Nh4 15. Nxh4 Qxh4 16. Qg3 Qf6 17. f3 Nd4 18. Bd3 e5 19. Nxd5 Qd6 20. Ne3 Be6
21. Nc4 Nc6 22. Nxd6
1-0

[Event "Easy goin"]
[Site "SchemingMind.com"]
[Date "2014.05.05"]
[Round "-"]
[White "murmac"]
[Black "alexyongpohweng"]
[Result "0-1"]
[WhiteCountry "SCO"]
[BlackCountry "MAS"]
[WhiteElo "1180"]
[WhiteRD "93"]
[BlackElo "1240"]
[BlackRD "45"]
[GameID "357898"]

1. d4 d5 2. c4 dxc4 3. Nc3 Nf6 4. Bf4 g6 5. e4 Bg7 6. Bxc4 O-O 7. Nf3 c6 8. Qe2 b5 9. Bb3 a5 10. a4 b4
11. Na2 Bb7 12. O-O Ba6 13. Bc4 Bxc4 14. Qxc4 Nxe4 15. Rad1 Nf6 16. Ne5 Qd5 17. Qd3 Qxa2 18. Nc4 Qxa4 19. Ne3 Nbd7 20. f3 Nb6
21. b3 Qb5 22. Nc4 Nxc4 23. bxc4 Qb6 24. c5 Qb5 25. Qc2 Nd5 26. Bg3 a4 27. Qd2 b3 28. Rb1 a3 29. Rbe1 a2 30. Qb2 Qc4
31. Rc1 Nb4 32. Rxc4 Nd3 33. Qd2 a1=Q 34. Qxd3 Qa3 35. Rcc1 Qa2 36. Ra1 Qb2 37. Rfb1 Rxa1 38. Rxa1 Qxa1+ 39. Kf2 b2
0-1

[Event "Easy goin"]
[Site "SchemingMind.com"]
[Date "2014.05.09"]
[Round "-"]
[White "alexyongpohweng"]
[Black "clario"]
[Result "0-1"]
[WhiteCountry "MAS"]
[BlackCountry "RSA"]
[WhiteElo "1240"]
[WhiteRD "45"]
[BlackElo "1925"]
[BlackRD "79"]
[GameID "357937"]

1. e4 c5 2. d4 cxd4 3. Qxd4 Nc6 4. Qd1 Nf6 5. Nf3 Nxe4 6. Bd3 Nf6 7. O-O e6 8. Bg5 h6 9. Bxf6 Qxf6 10. Nc3 Be7
11. Nb5 O-O 12. Nc7 Rb8 13. Nb5 Qxb2 14. Qb1 Qf6 15. Na3 Bxa3 16. Qb3 Bd6 17. Qb1 b6 18. a4 Bb7 19. c4 Nd4 20. Nxd4 Qxd4
21. Be2 Qh4 22. Bf3 Qxh2#
0-1

[Event "Easy goin"]
[Site "SchemingMind.com"]
[Date "2014.05.09"]
[Round "-"]
[White "clario"]
[Black "alexyongpohweng"]
[Result "1-0"]
[WhiteCountry "RSA"]
[BlackCountry "MAS"]
[WhiteElo "1925"]
[WhiteRD "79"]
[BlackElo "1240"]
[BlackRD "45"]
[GameID "357938"]

1. d4 d5 2. c4 dxc4 3. Nf3 Nf6 4. e3 g6 5. Bxc4 Bg7 6. O-O O-O 7. Nc3 c6 8. e4 b5 9. Bd3 a6 10. Bg5 Bg4
11. e5 Bxf3 12. Qxf3 Nd5 13. Rfe1 Nxc3 14. bxc3 Nd7 15. Qxc6 Qc8 16. Qxc8 Raxc8 17. Bxe7 Rfe8 18. Bb4 Ra8 19. g3 a5 20. Bd6 Red8
21. Bxb5 Nf8 22. Rad1 Nd7 23. c4 Ra7 24. c5 a4 25. c6 Nb6 26. Bc5 Rb8 27. d5 Rc7 28. d6
1-0

[Event "Easy goin"]
[Site "SchemingMind.com"]
[Date "2014.05.09"]
[Round "-"]
[White "clario"]
[Black "murmac"]
[Result "1-0"]
[WhiteCountry "RSA"]
[BlackCountry "SCO"]
[WhiteElo "1925"]
[WhiteRD "79"]
[BlackElo "1180"]
[BlackRD "93"]
[GameID "357939"]

1. d4 d6 2. Nf3 Nf6 3. c4 e5 4. dxe5 Ne4 5. Nbd2 Bf5 6. Nxe4 Bxe4 7. e3 Nc6 8. Bd3 Bxd3 9. Qxd3 Be7 10. O-O O-O
11. Qe4 Qd7 12. Rd1 Rae8 13. exd6 Bxd6 14. Qc2 Qg4 15. c5 Ne5 16. Ng5 Qxg5 17. cxd6 Nf3+ 18. Kh1 Nh4 19. f4 cxd6 20. fxg5
1-0

[Event "Easy goin"]
[Site "SchemingMind.com"]
[Date "2014.05.06"]
[Round "-"]
[White "alexyongpohweng"]
[Black "mmccaffe"]
[Result "0-1"]
[WhiteCountry "MAS"]
[BlackCountry "USA"]
[WhiteElo "1251"]
[WhiteRD "46"]
[BlackElo "1676"]
[BlackRD "58"]
[GameID "357965"]

1. e4 c6 2. d4 d5 3. exd5 cxd5 4. Nf3 Bg4 5. Be2 e6 6. O-O Nf6 7. Bg5 Be7 8. Bxf6 Bxf6 9. c3 O-O 10. Nbd2 Nc6
11. h3 Bh5 12. Nh2 Bxe2 13. Qxe2 Qb6 14. b3 Rac8 15. Ndf3 Qa5 16. b4 Qb6 17. a4 a5 18. b5 Ne7 19. Qd3 Qc7 20. Rfc1 Qc4
21. Qxc4 Rxc4 22. Ne5 Bxe5 23. dxe5 Rfc8 24. Nf3 Rxc3 25. Rxc3 Rxc3 26. Ne1 Ng6 27. Nf3 Rc4 28. g3 Kf8 29. h4 Ne7 30. Nd2 Rc2
31. Nf3 Nf5 32. g4 Ne7 33. g5 Nf5 34. Ra3 Ke7 35. Rd3 Rc4 36. Ra3 Nxh4 37. Nxh4 Rxh4 38. Kg2 Rg4+ 39. Kf3 Rc4 40. Ke3 Kd7
41. Kd3 Re4 42. f3 Rxe5 43. Kd4 Rxg5 44. Kc5 Kc7 45. b6+ Kb8 46. Kb5 d4+ 47. Kc4 Rd5 48. Kd3 Rd6 49. Rb3 e5 50. Rb5 f6
51. Rxa5 Rxb6 52. Rb5 Rxb5 53. axb5 Kc7 54. Kc4 Kb6 55. Kd3 Kxb5 56. Ke4 Kc4 57. Kf5 d3
0-1

[Event "Easy goin"]
[Site "SchemingMind.com"]
[Date "2014.05.06"]
[Round "-"]
[White "mmccaffe"]
[Black "alexyongpohweng"]
[Result "1-0"]
[WhiteCountry "USA"]
[BlackCountry "MAS"]
[WhiteElo "1686"]
[WhiteRD "58"]
[BlackElo "1294"]
[BlackRD "47"]
[GameID "357966"]

1. e4 e5 2. Nf3 d6 3. d4 exd4 4. Nxd4 Nf6 5. Nc3 Be7 6. Bc4 O-O 7. O-O c6 8. Re1 Bg4 9. f3 Bd7 10. Be3 b5
11. Bb3 a5 12. a3 a4 13. Ba2 Na6 14. Nde2 Rb8 15. Bf4 c5 16. Bxd6 Bxd6 17. Qxd6 Nc7 18. Rad1 c4 19. e5 Nce8 20. Qd4 Nh5
21. Qxd7 Qxd7 22. Rxd7 g6 23. Red1 Nhg7 24. Nd4 Rc8 25. Ndxb5 Ne6 26. Nd5 Nc5 27. Ne7+ Kh8 28. Nxc8 Nxd7 29. Rxd7
1-0

[Event "Easy goin"]
[Site "SchemingMind.com"]
[Date "2014.05.05"]
[Round "-"]
[White "mmccaffe"]
[Black "murmac"]
[Result "1-0"]
[WhiteCountry "USA"]
[BlackCountry "SCO"]
[WhiteElo "1694"]
[WhiteRD "63"]
[BlackElo "1180"]
[BlackRD "93"]
[GameID "357969"]

1. d4 d5 2. c4 e6 3. Nc3 Nf6 4. Bg5 Be7 5. e3 O-O 6. Nf3 Nc6 7. Rc1 b6 8. Bd3 Bb7 9. O-O Ng4 10. Bxe7 Qxe7
11. h3 Nh6 12. Qc2 f5 13. cxd5 exd5 14. Nxd5 Qd7 15. Nc3 Nb4 16. Qe2 c5 17. Bb1 Rae8 18. dxc5 bxc5 19. Qc4+ Kh8 20. Qxc5 Nc6
21. Rfd1 Qe6 22. Nd5 Nf7 23. Nc7 Qc8 24. Nxe8 Rxe8 25. Bxf5 Qc7 26. Rd7 Qb8 27. Rxf7
1-0

[Event "Easy goin"]
[Site "SchemingMind.com"]
[Date "2014.05.05"]
[Round "-"]
[White "murmac"]
[Black "mmccaffe"]
[Result "0-1"]
[WhiteCountry "SCO"]
[BlackCountry "USA"]
[WhiteElo "1180"]
[WhiteRD "93"]
[BlackElo "1694"]
[BlackRD "63"]
[GameID "357970"]

1. e4 c6 2. d4 d5 3. e5 Bf5 4. Bd3 Bxd3 5. Qxd3 e6 6. Nf3 Nd7 7. Nc3 c5 8. Be3 Ne7 9. O-O-O Nf5 10. h3 Nxe3
11. Qxe3 cxd4 12. Nxd4 Bb4 13. Ncb5 a6 14. Nd6+ Bxd6 15. exd6 Nf6 16. g4 Qxd6 17. f4 Rc8 18. f5 Qc5 19. c3 O-O 20. Qg5 e5
21. Nf3 e4 22. Ne5 b5 23. h4 b4 24. h5 h6 25. Qf4 bxc3 26. b3 Qa3+ 27. Kc2 Qb2#
0-1

[Event "Easy goin"]
[Site "SchemingMind.com"]
[Date "2014.05.06"]
[Round "-"]
[White "alexyongpohweng"]
[Black "grabapawn"]
[Result "0-1"]
[WhiteCountry "MAS"]
[BlackCountry "USA"]
[WhiteElo "1294"]
[WhiteRD "47"]
[BlackElo "1610"]
[BlackRD "63"]
[GameID "357972"]

1. e4 c5 2. d4 cxd4 3. Qxd4 Nc6 4. Qd1 Nf6 5. Nc3 e5 6. Bg5 Be7 7. Bxf6 Bxf6 8. Nf3 d6 9. Bb5 O-O 10. Bxc6 bxc6
11. O-O Ba6 12. Re1 Rb8 13. b3 Re8 14. a3 Qc7 15. b4 Bb7 16. h3 Rbd8 17. a4 d5 18. exd5 cxd5 19. Nb5 Qb6 20. c3 e4
21. Nfd4 a6 22. Na3 Bc8 23. a5 Qd6 24. g3 Bxh3 25. g4 Qf4 26. f3 Qg3+
0-1

[Event "Easy goin"]
[Site "SchemingMind.com"]
[Date "2014.05.06"]
[Round "-"]
[White "grabapawn"]
[Black "alexyongpohweng"]
[Result "1-0"]
[WhiteCountry "USA"]
[BlackCountry "MAS"]
[WhiteElo "1610"]
[WhiteRD "63"]
[BlackElo "1294"]
[BlackRD "47"]
[GameID "357973"]

1. e4 e5 2. Nf3 d6 3. Bc4 Bg4 4. h3 Bxf3 5. gxf3 Nf6 6. Nc3 Be7 7. d3 O-O 8. Bg5 c6 9. Qd2 b5 10. Bb3 a5
11. a4 b4 12. Ne2 Qb6 13. Ng3 h6 14. Bxh6 gxh6 15. Qxh6 Nh7 16. Nh5 Bf6 17. Nxf6+ Nxf6 18. Rg1+
1-0

[Event "Easy goin"]
[Site "SchemingMind.com"]
[Date "2014.05.10"]
[Round "-"]
[White "grabapawn"]
[Black "clario"]
[Result "1-0"]
[WhiteCountry "USA"]
[BlackCountry "RSA"]
[WhiteElo "1614"]
[WhiteRD "62"]
[BlackElo "1923"]
[BlackRD "73"]
[GameID "357974"]

1. e4 c5 2. Nc3 e6 3. Nf3 a6 4. d4 cxd4 5. Nxd4 Nf6 6. Bg5 Nc6 7. Nxc6 bxc6 8. e5 Be7 9. exf6 Bxf6 10. Bxf6 Qxf6
11. Bd3
1-0

[Event "Easy goin"]
[Site "SchemingMind.com"]
[Date "2014.05.10"]
[Round "-"]
[White "clario"]
[Black "grabapawn"]
[Result "0-1"]
[WhiteCountry "RSA"]
[BlackCountry "USA"]
[WhiteElo "1923"]
[WhiteRD "73"]
[BlackElo "1614"]
[BlackRD "62"]
[GameID "357975"]

1. d4 c5 2. d5 Nf6 3. Nc3 d6 4. e4 e6 5. Nf3 e5 6. Bb5+ Bd7 7. Bxd7+ Nbxd7 8. Bg5 h6 9. Be3 Be7 10. O-O O-O
0-1

[Event "Easy goin"]
[Site "SchemingMind.com"]
[Date "2014.05.05"]
[Round "-"]
[White "grabapawn"]
[Black "mmccaffe"]
[Result "1-0"]
[WhiteCountry "USA"]
[BlackCountry "USA"]
[WhiteElo "1610"]
[WhiteRD "63"]
[BlackElo "1686"]
[BlackRD "58"]
[GameID "357976"]

1. e4 c6 2. Nc3 d5 3. d4 dxe4 4. Nxe4 Bf5 5. Nc5 Qb6 6. Nf3 e6 7. Nd3 Nf6 8. Be2 Nbd7 9. O-O c5 10. Re1 cxd4
11. a3 e5 12. Ndxe5 Nxe5 13. Nxe5 Bc5 14. Nc4 Qc6 15. Bg4+ Be4 16. Ne5 Qb6 17. Nc4 O-O 18. Nxb6
1-0

[Event "Easy goin"]
[Site "SchemingMind.com"]
[Date "2014.05.06"]
[Round "-"]
[White "mmccaffe"]
[Black "grabapawn"]
[Result "1-0"]
[WhiteCountry "USA"]
[BlackCountry "USA"]
[WhiteElo "1686"]
[WhiteRD "58"]
[BlackElo "1610"]
[BlackRD "63"]
[GameID "357977"]

1. e4 c5 2. Nf3 Nc6 3. d4 e6 4. d5 Nb4 5. dxe6 dxe6 6. Qxd8+ Kxd8 7. Na3 Nf6 8. c3 Nc6 9. Bg5 Be7 10. O-O-O+ Bd7
11. Bb5 Nxe4 12. Bxc6 bxc6 13. Bxe7+ Kxe7 14. Rhf1 Rhd8 15. Ne5 f6 16. Nxd7 Rxd7 17. Rxd7+ Kxd7 18. Rd1+ Ke7 19. f3 Nf2 20. Rd2 Nh1
21. Kd1 a6 22. Ke1 Rb8 23. Kf1 g5 24. Kg1 Ng3 25. hxg3 h5 26. Kf2 f5 27. Nc4 g4 28. Ne5 Kf6 29. Nd7+
1-0

[Event "Easy goin"]
[Site "SchemingMind.com"]
[Date "2014.05.05"]
[Round "-"]
[White "grabapawn"]
[Black "murmac"]
[Result "1-0"]
[WhiteCountry "USA"]
[BlackCountry "SCO"]
[WhiteElo "1614"]
[WhiteRD "62"]
[BlackElo "1088"]
[BlackRD "94"]
[GameID "357978"]

1. e4 d5 2. d4 dxe4 3. Nc3 Nf6 4. Bb5+ Bd7 5. Bg5 a6 6. Bc4 Nc6 7. Nge2 e6 8. Qd2 Be7 9. O-O-O O-O 10. f3 Nb4
11. a3 Nc6 12. fxe4 Ng4 13. h4 f6 14. Bf4 b5 15. Ba2 Na5 16. Ng3 Nc4 17. Qe2 f5 18. exf5 exf5 19. h5 Be6 20. d5 Bf7
21. Nxf5 Rb8 22. Qxg4 Bf6 23. Ne4 Bxb2+ 24. Kb1 g6 25. Nh6+ Kh8 26. Nxf7+ Rxf7 27. hxg6 Rg7 28. Bg5 Qe8 29. Bf6 Qg8 30. Rxh7+ Qxh7
31. gxh7 Bxf6 32. Qxg7+ Bxg7 33. Rh1 Re8 34. Ng5 Nd2+ 35. Kc1 Re2 36. Nf7#
1-0

[Event "Easy goin"]
[Site "SchemingMind.com"]
[Date "2014.05.06"]
[Round "-"]
[White "murmac"]
[Black "grabapawn"]
[Result "0-1"]
[WhiteCountry "SCO"]
[BlackCountry "USA"]
[WhiteElo "1115"]
[WhiteRD "94"]
[BlackElo "1610"]
[BlackRD "63"]
[GameID "357979"]

1. d4 d5 2. Nc3 Nf6 3. Bf4 Nc6 4. Nf3 Bg4 5. Qd3 e6 6. O-O-O Bb4 7. Nb5 Ba5 8. g3 Ne4 9. Qe3 a6 10. Nc3 Nxc3
11. Rd3 Nxa2+ 12. Kb1 Nab4 13. Rb3 Bf5 14. Ka1 Nxc2+ 15. Ka2 Nxe3 16. Rxe3 Nb4+ 17. Ka1 Nc2+ 18. Kb1 Nxe3+ 19. Ka1 Qd7
0-1

[Event "Easy goin"]
[Site "SchemingMind.com"]
[Date "2014.05.06"]
[Round "-"]
[White "alexyongpohweng"]
[Black "Scooter"]
[Result "0-1"]
[WhiteCountry "MAS"]
[BlackCountry "USA"]
[WhiteElo "1251"]
[WhiteRD "46"]
[BlackElo "1755"]
[BlackRD "48"]
[GameID "357989"]

1. e4 Nc6 2. d4 e6 3. Nf3 Bb4+ 4. c3 Ba5 5. b4 Bb6 6. b5 Nce7 7. c4 Ba5+ 8. Bd2 Bxd2+ 9. Nbxd2 b6 10. Be2 Bb7
11. Nb3 Bxe4 12. O-O Nf6 13. Bd3 O-O 14. Bxe4 Nxe4 15. Qd3 d5 16. cxd5 exd5 17. Ne5 f6 18. Nf3 Ng6 19. Nfd2 Nxd2 20. Nxd2 Re8
21. Nf3 Qd7 22. Rfe1 Rxe1+ 23. Rxe1 c5 24. dxc5 bxc5 25. h3 c4 26. Qc3 Qxb5 27. Nd4 Qd7 28. Nf3 Re8 29. Rxe8+ Qxe8 30. a3 Ne5
31. Nxe5 Qxe5 32. Qc1 c3 33. Kf1 d4 34. Kg1 d3
0-1

[Event "Easy goin"]
[Site "SchemingMind.com"]
[Date "2014.05.06"]
[Round "-"]
[White "Scooter"]
[Black "alexyongpohweng"]
[Result "1-0"]
[WhiteCountry "USA"]
[BlackCountry "MAS"]
[WhiteElo "1755"]
[WhiteRD "48"]
[BlackElo "1251"]
[BlackRD "46"]
[GameID "357990"]

1. d4 d5 2. Nf3 Nf6 3. Bf4 g6 4. e3 Bg7 5. Be2 O-O 6. O-O e6 7. Nbd2 c6 8. h3 Bd7 9. c4 dxc4 10. Nxc4 b5
11. Nce5 a6 12. Rc1 a5 13. Nxd7 Nbxd7 14. Rxc6 Nb8 15. Bxb8 Rxb8 16. Rc5 Nd5 17. Rxb5 Rxb5 18. Bxb5 Nb4 19. a3 Nd5 20. Qa4 Nc7
21. Qxa5 Nxb5 22. Qxb5 f6 23. Rc1 Kh8 24. Qc6 g5 25. Qxe6 Qb8 26. b4 Qa8 27. Qb3 Qd8 28. b5 Qb8 29. a4 Rd8 30. a5 Rd7
31. a6 Ra7 32. Qe6 h6 33. Rc8+
1-0

[Event "Easy goin"]
[Site "SchemingMind.com"]
[Date "2014.05.06"]
[Round "-"]
[White "grabapawn"]
[Black "Scooter"]
[Result "0-1"]
[WhiteCountry "USA"]
[BlackCountry "USA"]
[WhiteElo "1610"]
[WhiteRD "63"]
[BlackElo "1745"]
[BlackRD "46"]
[GameID "357991"]

1. e4 e5 2. Nc3 Bc5 3. Nf3 d6 4. Bb5+ Bd7 5. d4 exd4 6. Bxd7+ Nxd7 7. Nxd4 Qf6 8. Be3 O-O-O 9. O-O a6 10. Nd5 Qe5
11. Qd3 g6 12. f4 Qe8 13. b4 Ba7 14. Qc3 Bb6 15. b5 Qxe4 16. Nxb6+ Nxb6 17. bxa6 bxa6 18. Rab1 Nd5 19. Qb3 Qxe3+ 20. Qxe3 Nxe3
21. Rf3 Nc4 22. Nc6 Re8 23. Rb8+ Kd7 24. Rfb3 Rxb8 25. Nxb8+ Ke6 26. Nc6 Ne7 27. Nd4+ Kf6 28. Rb7 c5 29. Nb3 Ne3 30. c3 N7d5
31. g3 Nxc3 32. a3 Re8 33. Rb6 Ne2+ 34. Kf2 Nc4 35. Rxa6 Kf5 36. Na1 Nd4 37. Ra7 Re2+ 38. Kf1 Nd2+ 39. Kg1 N4f3+
0-1

[Event "Easy goin"]
[Site "SchemingMind.com"]
[Date "2014.05.06"]
[Round "-"]
[White "Scooter"]
[Black "grabapawn"]
[Result "1-0"]
[WhiteCountry "USA"]
[BlackCountry "USA"]
[WhiteElo "1745"]
[WhiteRD "46"]
[BlackElo "1610"]
[BlackRD "63"]
[GameID "357992"]

1. d4 d5 2. Nf3 Nf6 3. Bf4 Nc6 4. e3 Bg4 5. Be2 e6 6. h3 Bf5 7. c3 Bd6 8. Bxd6 Qxd6 9. O-O O-O-O 10. Nbd2 h6
11. Nh4 Bh7 12. c4 g5 13. c5 Qe7 14. Nhf3 Rdg8 15. Bb5 h5 16. Bxc6 bxc6 17. Qa4 Ne4 18. Qxc6 Nxd2 19. Qa8+ Kd7 20. Ne5#
1-0

[Event "Easy goin"]
[Site "SchemingMind.com"]
[Date "2014.05.10"]
[Round "-"]
[White "Scooter"]
[Black "clario"]
[Result "1-0"]
[WhiteCountry "USA"]
[BlackCountry "RSA"]
[WhiteElo "1755"]
[WhiteRD "48"]
[BlackElo "1923"]
[BlackRD "73"]
[GameID "357994"]

1. d4 d5 2. Nf3 Nf6 3. Bf4 c5 4. e3 Nc6 5. c3 Qb6 6. Qb3 c4 7. Qxb6 axb6 8. Nbd2 Bg4 9. Be2 e6 10. O-O Be7
11. h3
1-0

[Event "Easy goin"]
[Site "SchemingMind.com"]
[Date "2014.05.05"]
[Round "-"]
[White "mmccaffe"]
[Black "Scooter"]
[Result "1-0"]
[WhiteCountry "USA"]
[BlackCountry "USA"]
[WhiteElo "1686"]
[WhiteRD "58"]
[BlackElo "1745"]
[BlackRD "46"]
[GameID "357995"]

1. d4 Nf6 2. c4 g6 3. Nc3 Bg7 4. e4 d6 5. f3 O-O 6. Be3 e5 7. d5 a6 8. Bd3 Nbd7 9. Nge2 Nc5 10. Bc2 Re8
11. Qd2 b6 12. g4 Bd7 13. Bh6 b5 14. Bxg7 Kxg7 15. h4 b4 16. Nd1 a5 17. h5 Rb8 18. hxg6 fxg6 19. Qh6+ Kg8 20. Ng3 Qe7
21. g5 Nh5 22. Nxh5 gxh5 23. Qxh5 Rf8 24. g6 Qg7 25. gxh7+ Kh8 26. Ne3 b3 27. O-O-O bxa2 28. Kd2 Rxb2 29. Rdg1 Nb3+ 30. Kd3 a1=Q
31. Rxg7 Nc5+ 32. Ke2 Rxc2+ 33. Nxc2 Qc3 34. Rg8+ Rxg8 35. hxg8=Q+ Kxg8 36. Qh8+ Kf7 37. Rh7+
1-0

[Event "Easy goin"]
[Site "SchemingMind.com"]
[Date "2014.05.05"]
[Round "-"]
[White "Scooter"]
[Black "mmccaffe"]
[Result "0-1"]
[WhiteCountry "USA"]
[BlackCountry "USA"]
[WhiteElo "1745"]
[WhiteRD "46"]
[BlackElo "1686"]
[BlackRD "58"]
[GameID "357996"]

1. d4 Nf6 2. Bf4 g6 3. Nf3 Bg7 4. e3 O-O 5. Be2 d6 6. O-O Nbd7 7. h3 b6 8. Nbd2 Bb7 9. Rb1 c5 10. c3 cxd4
11. cxd4 Rc8 12. Rc1 Rxc1 13. Qxc1 Qb8 14. Qb1 Rc8 15. Rc1 Rxc1+ 16. Qxc1 Qc8 17. Qxc8+ Bxc8 18. b4 Bb7 19. b5 Nd5 20. Nb1 Nxf4
21. exf4 Bxf3 22. Bxf3 Bxd4 23. Nd2 Nc5 24. Be2 Na4 25. Bc4 Nc3 26. Nf3 Bc5 27. Ng5 e6
0-1

[Event "Easy goin"]
[Site "SchemingMind.com"]
[Date "2014.05.05"]
[Round "-"]
[White "murmac"]
[Black "Scooter"]
[Result "0-1"]
[WhiteCountry "SCO"]
[BlackCountry "USA"]
[WhiteElo "1115"]
[WhiteRD "94"]
[BlackElo "1745"]
[BlackRD "46"]
[GameID "357997"]

1. d4 Nf6 2. c4 g6 3. Nc3 Bg7 4. Nf3 O-O 5. Bf4 d6 6. e4 Bg4 7. Be2 Nbd7 8. O-O Bxf3 9. Bxf3 e5 10. dxe5 dxe5
11. Bg5 c6 12. Bxf6 Nxf6 13. Qb3 Qb6 14. Qc2 Rad8 15. Ne2 Rd7 16. Ng3 Rfd8 17. c5 Qc7 18. b4 Rd2 19. Qc1 b6 20. a4 bxc5
21. Qxc5 Bf8 22. Qc4 R2d4 23. Qb3 Rxb4 24. Qc3 Rbd4 25. Ne2 Nxe4 26. Bxe4 Rxe4 27. f3 Rxe2 28. Rfc1 Qb6+ 29. Kh1 Qf2 30. Rg1 c5
31. Raf1 Qd4 32. Qa5 c4 33. Qc7 Bc5 34. f4 Qd6 35. Qa5 exf4 36. Qb5 Bxg1 37. Kxg1 Qd2 38. Qxc4 Rxg2+ 39. Kh1 Rxh2+ 40. Kg1 Qg2#
0-1

[Event "Easy goin"]
[Site "SchemingMind.com"]
[Date "2014.05.05"]
[Round "-"]
[White "Scooter"]
[Black "murmac"]
[Result "1-0"]
[WhiteCountry "USA"]
[BlackCountry "SCO"]
[WhiteElo "1745"]
[WhiteRD "46"]
[BlackElo "1115"]
[BlackRD "94"]
[GameID "357998"]

1. d4 b5 2. Nf3 d5 3. Bf4 Nc6 4. e3 Nf6 5. Bxb5 Bd7 6. O-O Nb4 7. Bxd7+ Qxd7 8. Nbd2 e6 9. Ne5 Qb5 10. h3 Bd6
11. Ndf3 O-O 12. c3 Nd3 13. Nxd3 Bxf4 14. exf4 Ne4 15. Qb3 Qxd3 16. Ne5 Qd2 17. g3 Rfb8 18. Qa3 Rxb2 19. Qe7 Rf8 20. Nd7 Ra8
21. Rad1 Qe2 22. Ne5 Nxg3 23. Qxf7+ Kh8 24. Qxe6 Nxf1 25. Rxf1 Rxa2 26. Qxd5 Rb8 27. Nf7+ Kg8 28. Nh6+ Kh8 29. Qg8+ Rxg8 30. Nf7#
1-0